00788nam a22002417a 45000010005000000030006000050050017000110080041000280200018000690400029000870500015001160820008001311000020001392450062001592600037002213000062002585050008003205200119003285210020004475210020004676500031004877000028005187778FISKH20250806083500.0250806b cb ||||| |||| 00| 0 eng d a9780590433662 aFISKHbengcFISKHdFISKH aQL768 .D67 a591 aDorrors, Arthur aAnimal tracks /cWritten and illustrated by Arthur Dorros aNew York :bScholastic , c1991. a30 unnumbered pages :bcolor illustrations ;c21 X26 cm . aM  aIntroduces the tracks and signs left by various animals, including the raccoon, duck, frog, black bear, and human.8 a540 bLexile 8 aM bRaz-Plus  aAnimal tracksvNon-fiction aDiVito, AnnaeDesigner